00853cam a2200229 a 4500008004100000020002200041100002000063240005000083245013700133260004200270300003500312504005400347500002000401650002500421650004500446650005800491700002000549700002700569003000100596005001700597040000900614  a0471967637 (hbk.)1 aBerger, Stefan.10aNMR-spektroskopie von Nichtmetallen.lEnglish10aNMR spectroscopy of the non-metallic elements /cStefan Berger, Siegmar Braun, Hans-Otto Kalinowski ; translated by Jack Becconsall. aNew York :bJohn Wiley & Sons,c1997. axvi, 1082 p. :bill. ;c24 cm. aIncludes bibliographical references: p. 983-1016. aIncludes index. 0aNonmetalsxAnalysis. 0aNuclear magnetic resonance spectroscopy. 7aEspectroscopia ressonancia magnetica nuclear2larpcal1 aBraun, Siegmar.1 aKalinowski, Hans-Otto.20230123133232.0 cNUST